000 00655nam a2200277Ia 4500
005 20260324133250.0
008 008 260324s9999 xx 000 0 eng d
020 _a9780429213519
037 _aEBOOK
040 _aCRL
040 _beng
040 _cCRL
041 _2eng
041 _aeng
084 _qCRL
100 _aRichard A. Dean; John Bloom
_91192430
245 0 _aBiomarkers in Clinical Drug Development
260 _bTaylor and Francis
260 _c2003
365 _a
365 _b385
856 _uhttp://www.taylorfrancis.com/books/9780429213519
942 _cEBOOK
999 _c1791319
_d1791319